000 00946cam a2200313 i 4500
999 _c47104
_d47104
001 20753
003 CO-MdFUSB
005 20171006084416.0
008 160920t1971 enk||||| |||| 00| 0 eng d
020 _a978-0-281-02733-0
040 _aCO-MdFUSB
_bEspañol
_cCO-MdFUSB
_dCO-MdFUSB
_erda
041 _aeng
082 _224
_aG 224.807
_bT516g
100 1 _aThorogood, Bernard
_eautor
245 2 _aA guide to Amos
_c / Bernard Thorogood
264 4 _aLondon :
_bSPCK,
_c©1971
300 _a118 páginas
336 _2rdacontent
_atexto
_btxt
337 _2rdamedia
_asin mediación
_bn
338 _2rdacarrier
_avolumen
_bnc
490 _aSPCK International Study Guide
500 _aIncluye índice (p. 117-118)
501 _aRústico
505 0 0 _aComentario sobre el libro de Amos
630 7 _aBiblia.
_pAntiguo Testamento
_xCrítica, interpretación, etc.
630 0 7 _aBiblia.
_pAmos
942 _cBK